000 00282nam a22001217a 4500
008 170612b xxu||||| |||| 00| 0 eng d
041 _aeng
080 _a323
100 _a19
101 _aSHP
245 _aEUROPEAN ISSUES IN THE TWENTIETH CENTURY
_cANDERSON,E.N
942 _2udc
_cBK
999 _c17028
_d17028